000 00835nam a2200265Ia 4500
003 OSt
005 20221005062012.0
006 a|||||r|||| 00| 0
007 ta
008 221004b |||||||| |||| 00| 0 eng d
020 _a9780415223911 (pbk)
_c1235.14
024 _a100147
037 _b08262, 11/01/2010, Atlantic Publisher & Dist. Pvt Ltd.
_cTextual
040 _aCRL
_cCRL
_beng
041 _2eng
_aeng
082 _aQ.49G, P6
100 _aMittal Sushil Ed.
245 0 _aReligions of South Asia
_b An introduction
260 _aLondon
_bRoutledge UK
_c2006
300 _axvi,308p.
_ccm.
650 _aRELIGION
700 _a Thursby Gene Ed.
942 _hQ.49G, P6
_cTEXL
_2cc
999 _c969056
_d969056